The Apostles Creed (CofE) - Statistics

General Stats
  • This quiz has been taken 17 times
  • The average score is 57 of 109
Answer Stats
Answer % Correct
believe
100%
I
100%
in
100%
Father
93%
God,
93%
the
93%
almighty
86%
and
86%
earth.
86%
heaven
86%
of
86%
believe
79%
Christ,
79%
creator
79%
his
79%
I
79%
in
79%
Jesus
79%
Lord,
79%
only
79%
our
79%
Son
79%
by
71%
Holy
71%
Spirit,
71%
the
71%
was
71%
who
71%
and
64%
born
64%
buried;
64%
conceived
64%
crucified,
64%
descended
64%
died,
64%
he
64%
Mary,
64%
of
64%
Pilate,
64%
Pontius
64%
suffered
64%
the
64%
to
64%
under
64%
Virgin
64%
was
64%
was
64%
the
57%
again;
50%
day
50%
he
50%
rose
50%
the
50%
third
50%
Amen
43%
he
43%
On
43%
and
36%
ascended
36%
believe
36%
body,
36%
catholic
36%
Church,
36%
communion
36%
dead.
36%
dead.
36%
everlasting.
36%
forgiveness
36%
hand
36%
he
36%
heaven,
36%
Holy
36%
holy
36%
I
36%
in
36%
life
36%
of
36%
of
36%
of
36%
of
36%
resurrection
36%
right
36%
saints,
36%
sins,
36%
Spirit,
36%
the
36%
the
36%
the
36%
the
36%
the
36%
the
36%
the
36%
to
36%
and
29%
at
29%
come
29%
Father,
29%
he
29%
is
29%
judge
29%
living
29%
seated
29%
the
29%
the
29%
the
29%
the
29%
to
29%
will
29%
and
21%
No matching quizzes found
Score Distribution
Percent of People with Each Score
Percentile by Number Answered
Your Score History
You have not taken this quiz